000 00497nam a2200217Ia 4500
003 OSt
005 20220924134835.0
006 a|||||r|||| 00| 0
007 ta
008 220923b |||||||| |||| 00| 0 ben d
024 _a287551
037 _cTextual
040 _aARTS
_cARTS
_bben
041 _2ben
_aben
082 _aG, 157H1
100 _aTagore
_9154861
245 0 _aPrantatya
260 _c1941
942 _hG, 157H1
_cTEXL
_2CC
999 _c438845
_d438845